Tribunal de Justicia de la Comunidad Europea

Detalles Bibliográficos
Formato: eBook
Lenguaje:español
Publicado: Barcelona : vLex
Materias:
Acceso en línea:Acceso restringido

MARC

LEADER 00000nam a22000007a 4500
005 20120126143640.0
007 cr|||| ||||
008 120126c19879999sp d||d|s|||| 0|||b spa d
035 |a 32 
040 |a vLex 
090 |c 2958  |d 2958 
245 0 0 |a Tribunal de Justicia de la Comunidad Europea  |h [Recurso electrn̤ico]  
256 |a Servicio en ln̕ea 
260 |a Barcelona :  |b vLex 
300 |a 1 recurso electrn̤ico 
506 1 |a Contenido solo disponible en los productos indicados  |d vLex Global   |d vLex Global (Academic Edition, excluding Law Schools)   |d vLex Global (U.S. Academic Edition, Law Schools)   |d vLex Global (U.S. Academic Edition, excluding Law Schools)   |d vLex Global (Academic Edition, Law Schools)  
610 2 4 |a Tribunal de Justicia de la Comunidad Europea 
610 2 4 |a Tribunal de Justicia de la Comunidad Europea  |x Jurisprudencia 
610 2 4 |a Unin̤ Europea 
650 0 4 |a Sentencias 
740 0 |a vLex Jurisprudencia (Servicios en ln̕ea) 
856 4 0 |u http://vlex.com/source/tribunal-justicia-comunidad-europea-32  |z Acceso restringido 
942 |c TR 
999 0 |a Jurisprudence  |b European Union countries